000 00996nam a22003137a 4500
005 2010122704474.0
008 101227t xxu||||| |||| 00| 0 eng d
010 _aENG-101875
020 _a97800710681811
_c375.00
020 _a0070681813
_c375.00
035 _aEN-85408
037 _bDBAD/PUB
040 _adpl
_bEng
082 _a620.1
100 _925104
_aKumar,K.L.
245 _aEngineering mechanics /
_cby K.L. Kumar [and] Veenu Kumar
250 _a4th fully rev. and enl. ed
260 _aNew Delhi
_bTata McGraw Hill
_c2011
270 _a7 West Patel Nagar
_bNew Delhi
_e110008
300 _axx, 675 p. :
_c24cm (pbk)
_bill.
500 _aIncludes index
650 _925107
650 _925108
650 _925109
650 _925112
700 _925105
_aVeenu Kumar
942 _2ddc
_cEN
_h620.1
_mKUM
999 _c49549
_d49549